| 000 | 00664nam a22002055i 4500 | ||
|---|---|---|---|
| 001 | 48372 | ||
| 003 | ES-MaACL | ||
| 005 | 20250917063033.0 | ||
| 007 | t| | ||
| 008 | 950713q18801900fr a ||||1| fre d | ||
| 040 |
_aCAM _bspa _cCAM |
||
| 100 | 1 |
_aDaudet, Alphonse, _d1840-1897 _942799 |
|
| 245 | 1 | 2 |
_aL'obstacle _b: pièce en 4 actes / _cAlphonse Daudet; illustrations de Bieler... [et al.]. |
| 260 |
_aParis : _bMarpon et Flammarion, _c[18--?] ( _fImprimerie Lahure) |
||
| 300 |
_a[6], 238 p. : _bil. ; _c18 cm. |
||
| 490 | 1 | _aCollection Guillaume | |
| 830 | 0 |
_aCollection Guillaume _9182233 |
|
| 852 |
_aES-MaACL _jB-2800 |
||
| 999 |
_c48372 _d48372 |
||